Peace now, peace for the future : (Record no. 124197)

MARC details
000 -LEADER
fixed length control field 00643nam a22002177a 4500
005 - DATE AND TIME OF LATEST TRANSACTION
control field 20170124105936.0
010 ## - LIBRARY OF CONGRESS CONTROL NUMBER
LC control number A-239296
020 ## - INTERNATIONAL STANDARD BOOK NUMBER
Terms of availability 00.00
035 ## - SYSTEM CONTROL NUMBER
System control number A-239296
037 ## - SOURCE OF ACQUISITION
Source of stock number/acquisition Cen Lib/Ret
040 ## - CATALOGING SOURCE
Original cataloging agency DPL
Language of cataloging EN
082 ## - DEWEY DECIMAL CLASSIFICATION NUMBER
Classification number 327.47
Item number GRO
100 ## - MAIN ENTRY--PERSONAL NAME
Personal name Gromyko, A. A
9 (RLIN) 9760
245 ## - TITLE STATEMENT
Title Peace now, peace for the future :
Statement of responsibility, etc by A. A. Gromyko
Remainder of title selected speeches and writings /
260 ## - PUBLICATION, DISTRIBUTION, ETC. (IMPRINT)
Place of publication, distribution, etc New Delhi
Name of publisher, distributor, etc Allied Publishers
Date of publication, distribution, etc 1985
270 ## - ADDRESS
Address 13/14 Asaf Ali Road
City New Delhi
Postal code 110002
300 ## - PHYSICAL DESCRIPTION
Extent vii,399p.
Dimensions 22cm(Hb)
650 ## - SUBJECT ADDED ENTRY--TOPICAL TERM
Topical term or geographic name as entry element peace
9 (RLIN) 5539
650 ## - SUBJECT ADDED ENTRY--TOPICAL TERM
Topical term or geographic name as entry element World politics
9 (RLIN) 5568
942 ## - ADDED ENTRY ELEMENTS (KOHA)
Source of classification or shelving scheme Dewey Decimal Classification
Koha item type English Books
Classification part 327.47
Call number suffix GRO
Holdings
Withdrawn status Lost status Damaged status Not for loan Home library Current library Date acquired Source of acquisition Cost, normal purchase price Total Checkouts Full call number Barcode Date last seen Copy number Cost, replacement price Price effective from Koha item type Public note
Written off       Central Library Central Library 15/06/2015 Cen Lib/Ret 0.00   327.47 GRO A-239296 15/06/2015 1 0.00 15/06/2015 English Books W/d List No. 6898/7 ; dtd 21/10/2020

© Delhi Public Library
Hit Counter
free hit counter